| 000 | 00510 a2200169 4500 | ||
|---|---|---|---|
| 003 | OSt | ||
| 005 | 20231125122815.0 | ||
| 008 | 231125b |||||||| |||| 00| 0 eng d | ||
| 020 | _a9789388818551 | ||
| 040 | _coclc | ||
| 082 |
_a004 _bRAM/C |
||
| 100 |
_aRam, B _91052 |
||
| 245 |
_aComputer Fundamentals : _bArchitecture and organization / _cB Ram, Sanjay Kumar |
||
| 250 | _a6th ed. | ||
| 260 |
_bNew Age International publishers, _c2024. |
||
| 942 |
_2ddc _cBK _h004 _iRAM/C _k004 _mRAM/C |
||
| 999 |
_c43634 _d43634 |
||